00000000cam 2200000zi 4500
0019.915668
003CaOODSP
00520260226135443
006m     o  d f      
007cr cn|||||||||
008220923m20262022oncb    ob   f000 0 eng d
040 |aCaOODSP|beng|erda|cCaOODSP
0410 |aeng|beng|bfre
043 |an-cn---
0861 |aP29-003-511-2022E-PDF
24500|aOxygenated automotive gasoline containing ethanol (E1-E10 and E11-E15).
250 |aWithdrawn.
264 1|aOttawa, Ontario : |bCanadian General Standards Board : |bStandards Council of Canada, |c2022, 2026.
264 4|c©2023
300 |a1 online resource (1 volume (various pagings) : |bmaps.
336 |atext|btxt|2rdacontent
337 |acomputer|bc|2rdamedia
338 |aonline resource|bcr|2rdacarrier
4901 |aNational standard of Canada ; |vCAN/CGSB-3.511-2021, Amendment no. 1
500 |a"Withdrawal, February 2026."
500 |a"Published September 2022."
500 |a"Corrigendum No. 1 August 2023."
500 |a"Experience and excellence"--Cover.
500 |a"Supersedes CAN/CGSB-3.511-2016 and Amendment No. 2, July 2018."
500 |aIssued also in French under title: Essence automobile oxygénée contenant de l'éthanol (E1-E10 et E11-E15).
504 |aIncludes bibliographical references (pages 25-26).
520 |a"This National Standard of Canada applies to two types of oxygenated gasoline, E1-E10 (“Type A”) and E11-E15 (“Type B”), to which no lead or phosphorus compounds have been added, and in which the oxygenate consists essentially of ethanol. They are intended for use in spark-ignition engines under a wide range of climatic conditions. Each type may be supplied in one of four grades which differ in anti-knock index (octane rating). Type B oxygenated gasoline in this standard is intended for use in automotive vehicles that are compatible with oxygenated gasoline containing up to 15% by volume ethanol"--Scope, page 1.
546 |aText in English, withdrawal in English and French.
650 0|aOxygenated gasoline|xStandards|zCanada.
650 0|aEthanol as fuel|xStandards|zCanada.
7102 |aCanadian General Standards Board, |eissuing body.
7102 |aStandards Council of Canada, |eissuing body.
77508|tEssence automobile oxygénée contenant de l'éthanol (E1-E10 et E11-E15).|w(CaOODSP)9.915669
795 |tOxygenated automotive gasoline containing ethanol (E1-E10 and E11-E15).|b2021|w(CaOODSP)9.904474
830#0|aNational standard of Canada ;|vCAN/CGSB-3.511-2021, Amendment no. 1.|w(CaOODSP)9.507848
85640|qPDF|s3.76 MB|uhttps://publications.gc.ca/collections/collection_2022/ongc-cgsb/P29-003-511-2022-eng.pdf|zWithdrawal, February 2026
986 |aICS 75.160.20